| 000 | 00891pam a2200277 i 4500 | ||
|---|---|---|---|
| 999 |
_c19105 _d19077 |
||
| 001 | 016152030 | ||
| 003 | OSt | ||
| 005 | 20190204151312.0 | ||
| 008 | 120815s2013 enka b 001 0 eng d | ||
| 020 | _a9780199694747 (pbk.) | ||
| 020 | _a0199694745 (pbk.) | ||
| 040 |
_aStDuBDS _beng _cStDuBDS _dUk _dEG-ScBUE |
||
| 082 | 0 | 4 |
_a327.1 _222 _bJAC |
| 100 | 1 |
_aJackson, Robert H., _928298 |
|
| 245 | 1 | 0 |
_aIntroduction to international relations : _btheories and approaches / _cRobert Jackson, Georg Sørensen. |
| 250 | _a5th ed. | ||
| 260 |
_aOxford : _bOxford University Press, _cc.2013. |
||
| 300 |
_axxiii, 348 p. : _bill. ; _c25 cm |
||
| 500 | _aPrevious edition : 2010. | ||
| 504 | _aIncludes bibliographical references and index. | ||
| 650 | 0 |
_aInternational relations. _2BUEsh |
|
| 651 | _2BUEsh | ||
| 653 |
_bBUSBOL _cMarch2015 |
||
| 700 | 1 |
_aSørensen, Georg, _d1948- |
|
| 942 | _2ddc | ||